|
|
|
|
| LEADER |
00000nam a2200000 a 4500 |
| 001 |
vtls001306515 |
| 003 |
SK-MaSNL |
| 005 |
20260301235232.0 |
| 008 |
251124s1996 pl 0 pol |
| 020 |
|
|
|c [100,00]
|
| 035 |
|
|
|a SNK000258771
|
| 040 |
|
|
|a SNK
|b slo
|c SNK
|e AACR2
|
| 044 |
|
|
|a PL
|
| 080 |
|
|
|a 018.11(438-21):098.1
|2 1981
|
| 100 |
1 |
|
|a Pracka, Joanna
|4 aut
|9 495183
|
| 245 |
1 |
0 |
|a Wydawnictwa niezależne w zbiorach Biblioteki Śląskiej
|n cz. 1
|c Joanna Pracka, Barbara Zgryzek
|
| 250 |
|
|
|a 2. popraw. i uzupeł. wyd.
|
| 260 |
|
|
|a Katowice
|b Biblioteka Śląska
|c 1996
|
| 300 |
|
|
|a 102 s.
|c 29 cm
|
| 610 |
0 |
7 |
|a Sliezska knižnica
|a Katowice, Poľsko
|x tlače nezávislé
|x katalógy
|2 SNK
|9 632215
|
| 611 |
1 |
7 |
|a Sliezska knižnica
|a Katowice, Poľsko
|x tlače nezávislé
|x katalógy
|2 SNK
|9 632216
|
| 650 |
0 |
7 |
|a tlače nezávislé poľské
|x katalógy
|2 SNK
|9 632217
|
| 650 |
0 |
7 |
|a vydavateľstvá nezávislé poľské
|x katalógy
|2 SNK
|9 632218
|
| 650 |
0 |
7 |
|a tlače nezávislé pozri aj tlače ilegálne pozri aj tlače zakázané pozri aj literatúra prohibitná
|2 SNK
|9 632219
|
| 700 |
1 |
|
|a Zgryzek, Barbara
|4 aut
|9 495181
|
| 999 |
|
|
|c 974095
|d 976025
|
| 952 |
|
|
|t P60, <04>, [BOOK], {604}
|a SNK
|b SNK
|y VYP
|7 0
|p 17A0100885
|o snkIB 69778/1
|i snkV 2474/97
|0 0
|1 0
|4 0
|d 1997-10-21
|l 0
|r 2005-01-02 00:00:00
|w 2026-02-24
|